[Event "Vidmar Memorial 14th"]
[Site "Portoroz"]
[Date "2001.07.05"]
[Round "3"]
[White "Mohr, Georg"]
[Black "Gelfand, Boris"]
[Result "0-1"]
[WhiteElo "2484"]
[BlackElo "2714"]
[Annotator "Gelfand,B"]
[PlyCount "68"]
[EventDate "2001.07.03"]
[EventType "tourn"]
[EventRounds "9"]
[EventCountry "SLO"]
[EventCategory "14"]
[SourceTitle "CBM 085"]
[Source "ChessBase"]
[SourceDate "2001.11.13"]
[SourceVersion "1"]
[SourceVersionDate "2001.11.13"]
[SourceQuality "1"]

{[%mdl 8192]} 1. e4 c5 2. Nf3 d6 3. Bb5+ Nd7 4. d4 Ngf6 5. Nc3 cxd4 6. Qxd4 e5
7. Qd3 h6 8. Be3 Be7 9. O-O (9. Bc4) (9. a4) 9... a6 10. Bc4 b5 11. Bb3 $146 (
11. Bd5 Rb8 12. Ba7 Nxd5 13. Nxd5 Rb7 14. Nxe7 Qxe7 15. Be3 Nf6 16. Nd2 O-O 17.
Nb3 Be6 18. Na5 Rc7 19. Bd2 d5 20. exd5 Bxd5 {0-1 Ye Jiangchuan-Fedorov,A/
Belfort FRA 1999 (34)}) 11... Bb7 (11... Nc5 12. Bxc5 dxc5 13. Qxd8+ Bxd8 14.
Bd5 $1 Nxd5 15. Nxd5 f6 16. c4 $13) 12. Nd5 (12. Nh4 $6 b4 13. Qc4 d5 14. Nxd5
Nxd5 15. exd5 Rc8 (15... Bxh4 16. Qxb4 Rb8 17. Ba7 $13) 16. Qe4 Bxh4 17. Qxb4
Ba8 $17) (12. a3 Rc8) 12... Bxd5 (12... Nc5 13. Bxc5 dxc5 14. Nxf6+ Bxf6 15.
Bd5 c4 16. Qa3) (12... Nxd5 13. Bxd5 Qc7 14. c4 Nf6 15. Rac1) 13. Bxd5 Nxd5 14.
Qxd5 O-O $11 (14... Rc8 15. Qb7) 15. Qd3 (15. c4 Nf6 16. Qd3 bxc4 17. Qxc4 Qc8
$15) 15... Qc7 16. Nd2 Rac8 (16... Rfc8 17. Rfc1 Qb7 18. c4 Rc6 19. Rc3 Rac8
20. Rac1) 17. Rfc1 (17. Rac1 $142) 17... Nc5 (17... Qb7 18. c4 Rc6 19. Rc3) 18.
Bxc5 (18. Qd5 $5) 18... Qxc5 (18... dxc5 19. Nf3 c4 20. Qe2 $11) 19. c4 (19. c3
d5 $1 (19... Rfd8 20. Rd1) 20. exd5 Rfd8 21. c4 Bg5 22. Ne4 bxc4 23. Qg3 Qd4
$15) (19. Nf1 Bg5 $15) 19... Bg5 20. b3 (20. Rc3 Bxd2 (20... Qb4 21. b3 Bxd2
22. Qxd2 bxc4 23. a3 $11) 21. Qxd2 bxc4 22. Rac1 $11) 20... d5 $5 (20... Rfd8
$142 $5 21. Rd1 $140 (21. Rc3 $5) 21... Bxd2 22. Rxd2 bxc4 23. Qxc4 Qxc4 24.
bxc4 Rxc4 25. f3 d5 26. exd5 Rd4 $17) 21. exd5 f5 22. Rd1 (22. cxb5 $5 Qxc1+
23. Rxc1 Rxc1+ 24. Nf1 e4 25. Qe2 axb5 26. Qxb5 Rfc8 27. g3 Ra1 $44) 22... e4
23. Qe2 Rce8 (23... b4 24. Nf1 Rce8 25. d6 $16) 24. a3 (24. Nf1 f4 $13) (24.
Rac1 e3 25. fxe3 Bxe3+ 26. Kh1 $13) 24... e3 25. Nf1 (25. fxe3 $2 Bxe3+ 26. Kh1
Bd4 $17) 25... bxc4 26. bxc4 (26. b4 exf2+ 27. Qxf2 Qxf2+ 28. Kxf2 $15) 26...
exf2+ (26... f4 27. d6) 27. Qxf2 Qxc4 28. Ra2 Bd8 29. d6 $2 $138 (29. Qc2 $1
$11) 29... Bb6 30. Qxb6 Qxa2 31. Qxa6 f4 $6 32. Nd2 Qd5 33. Qc4 Rf5 34. Qc2 (
34. Rc1 $142) 34... Re2 0-1

[Event "Lido Estensi op 3rd"]
[Site "Lido Estensi"]
[Date "2002.06.13"]
[Round "6"]
[White "Glek, Igor Vladimirovich"]
[Black "Jaracz, Pawel"]
[Result "1/2-1/2"]
[WhiteElo "2605"]
[BlackElo "2506"]
[Annotator "Glek,I"]
[PlyCount "128"]
[EventDate "2002.06.07"]
[EventType "swiss"]
[EventRounds "9"]
[EventCountry "ITA"]
[SourceTitle "CBM 088 Extra"]
[Source "ChessBase"]
[SourceDate "2002.07.01"]
[SourceVersion "2"]
[SourceVersionDate "2002.07.01"]
[SourceQuality "1"]

1. e4 c5 2. Nf3 Nc6 3. Bb5 d6 4. O-O Bd7 5. Re1 Nf6 6. c3 a6 7. Bf1 Bg4 8. d3
e6 9. Nbd2 Bh5 10. h3 d5 11. exd5 Qxd5 (11... Nxd5 $142 12. Nc4 $14) 12. g4 Bg6
13. Nc4 Qd8 14. Nfe5 Nxe5 15. Nxe5 Bd6 16. Bg2 Bxe5 17. Rxe5 Nd7 18. Re1 Qc8
19. Qf3 (19. f4 O-O 20. Qf3 Nf6 21. Qxb7 (21. f5 exf5 22. g5 Nh5 23. Qxb7 $14)
21... Qxb7 22. Bxb7 Ra7 23. Be4 $14) 19... Ra7 20. d4 (20. Bf4 O-O 21. d4 (21.
Bd6 Rd8 (21... Re8 22. a4) 22. d4) (21. Qg3 $5) 21... Re8 22. dxc5 Nxc5 23.
Rad1 b6 24. b4 Na4 25. Rd2 f6 26. Qc6 e5 27. Be3 Nxc3 28. Bxb6 $16) 20... O-O
21. Be3 b6 22. Rad1 (22. dxc5 $14) 22... Nf6 (22... c4 $142 $5 23. g5 $5 $14)
23. dxc5 bxc5 24. Qf4 $16 Rc7 (24... Rd7 25. Rxd7 Nxd7 26. Rd1 $16) 25. Qc4 h5
26. gxh5 Bxh5 27. Rd6 a5 28. Ra6 Nd7 29. Bf4 Rb7 $5 (29... e5 30. Bg3 $18) 30.
Rc6 (30. Bxb7) 30... Qd8 31. b3 $1 $18 (31. Rxc5 Nxc5 32. Qxc5 Rxb2 33. Qxh5
Qf6 $16) 31... Rb6 32. Bc7 Qg5 33. Rxb6 Bf3 34. Qf1 Rc8 35. Rd6 (35. Ra6 $142
Rxc7 36. Re3 $18) 35... Rxc7 36. Re3 Bb7 37. Rg3 Qe7 38. Qd3 Bxg2 39. Kxg2 g6
40. Qd1 $6 $138 (40. Ra6 $1 Nf6 41. Ra8+ (41. Qd6 Qxd6 42. Rxd6 Ne4 43. Rd8+)
41... Kg7 42. Qd8 $18) 40... Kg7 $44 41. Ra6 Nf6 42. Rxa5 Rd7 43. Qe1 Rd5 44.
c4 Rf5 45. b4 Qb7+ 46. f3 cxb4 (46... Nh5 47. Qc3+ Kh7 (47... f6 48. Qa3) (
47... Kg8 48. Rxc5) 48. Rxc5 Nxg3 49. Kxg3 Rxc5 50. bxc5 Qc7+ 51. Kg2 Qxc5 52.
a4 Qg5+ 53. Kf1 Qg3 54. a5 Qxh3+ 55. Ke2 $18) 47. Rxf5 exf5 48. Qe5 $5 (48. Qd2
) (48. c5) 48... Qa6 49. c5 $1 Qxa2+ 50. Kg1 b3 (50... Qb3 51. Qd4 f4 52. Rg4
Qxf3 53. Rxf4 Qg3+ 54. Kf1 Qxh3+ 55. Kf2 Qh2+ 56. Ke1 Qg3+ 57. Kd2 Qg2+ 58. Kd3
Qc6 59. Rxf6 $18) 51. Rg2 Qb1+ 52. Kh2 $18 Qc1 53. Qd4 Qe1 54. Rb2 Qc1 55. h4
f4 56. Qe5 $1 Qf1 57. Qc3 $1 Qb5 58. h5 (58. c6 Qh5 59. c7 Qxh4+ 60. Kg1 Qg3+
61. Rg2 b2 62. Qb4 (62. Qxb2 $2 Qe1+ 63. Kh2 Qh4+) 62... Qxf3 63. c8=Q Qd1+ 64.
Kh2 Qh5+ (64... b1=Q 65. Qbf8+ Kh7 66. Qh8#) 65. Qh3 $18) 58... Qc6 59. Rd2 (
59. Rxb3 $18) (59. hxg6 fxg6 60. Rxb3 $18) 59... Kh6 60. hxg6 fxg6 61. Kg2 (61.
Rd6 Qe8) 61... Nh7 62. Qe5 Qa4 63. Qd4 Qe8 64. Qxf4+ Kg7 $138 1/2-1/2

[Event "Haifa"]
[Site "Haifa"]
[Date "1996.??.??"]
[Round "3"]
[White "Yudasin, Leonid"]
[Black "Svidler, Peter"]
[Result "1-0"]
[WhiteElo "2635"]
[BlackElo "2630"]
[Annotator "Glek,I"]
[PlyCount "79"]
[EventDate "1996.06.??"]
[EventType "tourn"]
[EventRounds "7"]
[EventCountry "ISR"]
[EventCategory "14"]
[SourceTitle "CBM 054"]
[Source "ChessBase"]
[SourceDate "1996.10.01"]
[SourceVersion "1"]
[SourceVersionDate "1996.10.01"]
[SourceQuality "1"]

1. e4 {Yudasin} c5 2. Nf3 d6 3. Bb5+ Nd7 4. d4 cxd4 5. Qxd4 h6 $5 6. Nc3 (6. c4
$5) 6... Ngf6 7. O-O (7. Be3 $5 {Yudasin}) 7... e5 8. Qd3 a6 $1 9. Bxd7+ (9.
Bc4 Nc5) 9... Bxd7 10. Nd2 b5 11. a3 Be6 12. Re1 Qa5 $6 13. b3 Rd8 $2 (13...
Rc8 $142) (13... b4 $2 14. Nc4) 14. Bb2 Be7 (14... d5 $6 15. exd5 Nxd5 16. Rxe5
Nxc3 17. Bxc3 $16) 15. Nf1 O-O 16. Ne3 Qc7 17. Rad1 Rc8 18. Re2 Qc5 $6 19. a4
$1 b4 20. Ncd5 Nxd5 (20... Bxd5 21. exd5 $16) 21. exd5 Bd7 22. Qxa6 f5 23. Nc4
f4 24. Ree1 $6 (24. Nb6 $142 $1 {Yudasin} Bg4 25. Nxc8 Rxc8 26. Rdd2 Bxe2 27.
Qxe2 $18) 24... Bf5 25. Rd2 f3 26. Bd4 $2 exd4 $2 (26... Qxd5 27. Bxe5 $2 (27.
Nb6 Qc6 28. Qc4+ $13) 27... Qe6 28. Nxd6 $2 (28. Rxd6 $17) 28... Rc5 $1 $19 29.
Nxf5 Qxa6 30. Nxe7+ Kh7) 27. Rxe7 d3 $2 28. cxd3 Qd4 29. Rd1 $1 fxg2 30. Qa7
Qf6 31. Qe3 Bg4 32. Re1 Bf3 33. Nb6 Rcd8 34. a5 Qh4 35. a6 Kh7 36. a7 Rf5 37.
Re4 Bxe4 38. dxe4 Rff8 39. Ra1 Qf6 40. e5 1-0

[Event "EU-Cup 31st"]
[Site "Skopje"]
[Date "2015.10.20"]
[Round "3.3"]
[White "Grischuk, Alexander"]
[Black "Najer, Evgeniy"]
[Result "0-1"]
[WhiteElo "2774"]
[BlackElo "2658"]
[Annotator "Gormally,D"]
[PlyCount "96"]
[EventDate "2015.10.18"]
[EventType "team-swiss"]
[EventRounds "7"]
[EventCountry "MKD"]
[SourceTitle "CBM 169"]
[Source "ChessBase"]
[SourceDate "2015.11.10"]
[SourceVersion "1"]
[SourceVersionDate "2015.11.10"]
[SourceQuality "1"]
[WhiteTeam "Siberia"]
[BlackTeam "SHSM Legacy"]
[WhiteTeamCountry "RUS"]
[BlackTeamCountry "RUS"]

1. e4 c5 2. Nf3 d6 3. Bb5+ Nd7 4. c3 Ngf6 5. Qe2 a6 6. Ba4 b5 7. Bc2 Bb7 (7...
e6 {is perhaps a more solid way to play, as Black doesn't have to worry about
this awkward e5! thrust that occurs in the game.} 8. d4 Bb7 9. O-O Be7 10. Re1
O-O 11. Nbd2 cxd4 12. cxd4 Rc8 13. Nf1 Re8 14. Ng3 Bf8 15. Be3 Rc7 16. Bd3 e5
$1 {grabbing some squares} 17. d5 Nc5 18. Bc2 b4 {Carlsen,M (2876)-Giri,A 
(2773) Stavanger 2015, and Black had a perfectly playable Ruy Lopez type
position.}) 8. d4 (8. O-O e5 {again, Black aims for a Ruy Lopez setup.} 9. d4
Be7 10. Rd1 Qc7 11. d5 c4 12. Nbd2 O-O 13. Nf1 Nc5 14. Ng3 Bc8 15. h3 {
Guseinov,G (2634)-Khismatullin,D (2651) Berlin 2015, with a playable position
for both sides and a tense middlegame in store.}) 8... g6 (8... cxd4 9. cxd4 g6
10. O-O Bg7 11. a3 O-O 12. Nc3 Rc8 13. Bg5 h6 14. Bxf6 $6 Bxf6 15. Rfd1 Bg7 {
Maze,S (2582)-Dominguez Perez,L (2732) Berlin 2015, was again fine for Black.})
9. a4 (9. Nbd2 {didn't seem a completely sound setup after Black's smart reply;
} cxd4 10. cxd4 Rc8 $1 11. Bb3 ({after} 11. Bd3 e5 12. d5 Nc5 {is annoying as
you have to waste more time with the bishop} 13. Bc2) 11... Bg7 12. e5 $5 {
possibly premature} dxe5 13. dxe5 Nd5 14. e6 fxe6 15. Ng5 $2 Nc5 $1 (15... Nf4
$1 {is also strong}) 16. Nxe6 Nxe6 17. Qxe6 Rf8 18. Bxd5 Bxd5 19. Qh3 Qd7 20.
Qxd7+ Kxd7 {Ivkina,O (2294)-Zizlova,S (2149) Taganrog 2011, with a large
advantage for Black in the ending.}) 9... Bg7 10. e5 $1 $36 {Of course normal
play was perfectly ok but Grischuk has rightly judged that this disruptive
advance causes Black problems.  This is why I prefer setups with ...e6 or ...
e5 earlier for Black, you don't have to worry about these e6 thrusts ruining
your pawn structure.} dxe5 11. dxe5 Bxf3 12. gxf3 (12. Qxf3 {isn't completely
stupid but it's hard to see much compensation for the pawn after} Nxe5 13. Qe2
{and now Black has several good ways to play, for example} Qd5 $1 (13... Ned7
$5 14. axb5 axb5 15. Rxa8 Qxa8 16. O-O {also seems unconvincing for White after
} Qc6 17. Re1 e6 18. Na3 c4 $1 (18... b4 $1)) 14. O-O b4 15. Rd1 Qe6 16. f4
Ned7 17. Qxe6 fxe6 18. Bb3 Kf7 19. Nd2 bxc3 20. bxc3 Rhd8 $15) 12... Nd5 (12...
Nh5 13. f4 O-O 14. Be4 {also posed problems for Black after} Rb8 15. axb5 axb5
16. Bf3 $1 c4 (16... e6 17. Bxh5 gxh5 18. Qxh5 {looks horrible with Rg1 coming}
) 17. Be3 Nc5 18. Bxc5 Nxf4 19. Qe3 Nd3+ 20. Kf1 Bxe5 21. Ra7 {Volokitin,A 
(2627)-Cheparinov,I (2684) Doha 2014, and White went on to convert his
advantage.}) 13. e6 $1 fxe6 14. axb5 axb5 15. Rxa8 Qxa8 16. Qxb5 {Despite the
computer at this point preferring Black, I believe that at this point White
has a large advantage, at least in practical play. (although it doesn't turn
out that way)  Also although White's advantage in pawn structure is rather
negated by his own shredded kingside, the queenside pawns on b2 and c3
outweigh the weakling on c5.} Nc7 (16... N5b6 $5 17. Be4 $1 (17. Nd2 O-O 18.
O-O Qd5 19. Bb3 c4 $1 (19... Qf5 $6 {leads to problems;} 20. Qc6 $1 c4 21. Nxc4
$14) 20. Bxc4 Nxc4 21. Qxc4 Ne5 $1) 17... Qc8 18. O-O (18. Nd2 O-O 19. O-O Bh6
$1 (19... Qc7 20. Nc4 Nd5 {also doesn't seem to give much for White}) 20. Nc4
Bxc1 21. Nxb6 Nxb6 22. Rxc1 Nd5 {should be fine for Black as the knight heads
for f4.}) 18... O-O 19. Rd1 Nd5) 17. Qa4 $1 {The most testing. It's important
to maintain the pin on the knight to maximise the disruption to Black's
development.} (17. Qe2 $6 O-O 18. Be4 Qa4 19. O-O Ne5 20. Nd2 Nd5 21. Qd1 Qe8 (
21... Qxd1 22. Rxd1 Nf4 {is also good}) 22. Qb3 Qf7 {looks good for Black -
the knights are excellently placed in the centre.}) 17... Qxf3 18. Be4 Qh5 19.
Bf4 $6 {Not so bad in itself, but missing a good opportunity.} (19. Qc6 $1 Qe5
20. Nd2 Qd6 21. Nc4 Qxc6 22. Bxc6 $16 {looks a highly unpleasant ending for
Black - White retains the initiative in the ending.}) 19... Nd5 20. Bg3 N5b6
21. Qc6 e5 22. Qe6 Rf8 23. Na3 Rf6 24. Qg8+ Bf8 25. Qb3 $2 {After this White
loses the initiative. The queen was doing a decent job on g8 of tieing up
Black's pieces, so this loss of time was unnecessary.} (25. Bg2 $1 {was best,
preparing to castle. Simple is always good!} Rd6 26. O-O Nf6 $2 (26... Rd1 27.
Nb5 {is very dangerous} Rxf1+ 28. Bxf1 Qf5 29. Nc7+ Kd8 30. Ne6+ Ke8 $2 (30...
Kc8 $16) 31. Ng7+) (26... Qe2 $1 {is probably the best but after} 27. Rb1 {
it's still very much game on} Rd1+ 28. Rxd1 Qxd1+ 29. Bf1 Nf6 30. Qe6 $14) 27.
Qb3 {this seems a vast improvement, as Black has had to lose time to expell
the queen, and now has to deal with threats like Nb5, etc.} Bh6 28. Nb5 Rd8 29.
Bc6+ Kf8 30. Nc7 $18) ({The immediate} 25. O-O $6 {was inaccurate because of}
Qe2 $1 {although even here I prefer White's practical chances to what occurred
in the game - with the queens on at least he has "punting" chances} 26. Bg2
Qxb2 27. Nc4 Qxc3 28. Nxb6 Rxb6 29. Bd5 {which objectively might be good for
Black but over board just looks a real mess.} (29. Qxh7 $5)) 25... Qg4 26. Qc2
{Not a move you'd especially want to play either, as White is going backwards
when he really should be attacking, but alternatives are thin on the ground,
for example} (26. f3 $2 Rxf3 $1 27. Bxf3 Qxf3) (26. Bg2 {can even be met by} h5
$1 {when it is Black who is starting to call the shots.}) 26... Bh6 $1 {
An excellent idea, even if an easy strategic one to find for players of this
calibre.  Once the bishop reaches f4, White's last remaining advantage, the
two bishops, is completely nullified.} 27. Qe2 Qh3 (27... Qxe2+ 28. Kxe2 Bf4
$15) 28. Qf1 Qxf1+ {simplest.} (28... Qe6 29. Qb5) 29. Kxf1 Rd6 30. Kg2 Bf4 {
Now White is facing a depressing endgame, which must have been a bit of a
shock when he had such a promising middlegame earlier.} 31. Re1 c4 32. Re2 Nc5
33. Nb5 {This does very little and gives up any remaining pressure on c4, but
it wasn't easy to suggest anything better. If Grischuk can't find anything, I
doubt I can...} (33. Bb1 Nd3 $1 34. Re4 (34. Ba2 Nc1 $1) 34... Nxb2 35. Bxf4
exf4 36. Rxf4 Rd2 37. Ba2 $2 Nd3 $19) 33... Rd1 34. Bc2 Rc1 35. Na3 (35. Nd6+
exd6 36. Bxf4 Rxc2 $1) 35... Nd3 36. f3 (36. Re4 Ne1+) (36. Nxc4 Rxc2 37. Rxc2
Nxc4 $1 {and it's over, as White can't defend b2 as Ne1 is also threatened.})
36... Bxg3 37. hxg3 e4 38. fxe4 Nxb2 39. Rd2 Nd7 40. Bb1 Rxc3 41. Nb5 Rb3 42.
Nc7+ Kd8 43. Ba2 Rb7 44. Nd5 Ke8 45. Kf2 e6 46. Nc3 Nd3+ 47. Ke3 N7e5 48. Ke2
Rf7 0-1